Access and identity management for libraries : controlling access to online information

Gespeichert in:
Bibliographische Detailangaben
1. Verfasser: GARIBYAN, Masha MCLEISH, Simon PASCHOUD, John
Format: Buch
Sprache:Englisch
Veröffentlicht: Facet publishing 2014
Tags: Tag hinzufügen
Keine Tags, Fügen Sie den ersten Tag hinzu!

MARC

LEADER 00000nam a22000007a 4500
008 240328b |||||||| |||| 00| 0 eng d
020 |a 9781856045889 
100 |a GARIBYAN, Masha  |a MCLEISH, Simon  |a PASCHOUD, John 
245 |a Access and identity management for libraries  |b : controlling access to online information  |c Masha Garibyan  |g xii,248p 
250 |c ALAO, Akin. BABAWALE, Tunde 
260 |b Facet publishing  |c 2014  |h London  |i 700249  |i 700250  |l Z695.24.G17  |m Electronic information resources- Access control   |m Library administration  |m Collection management 
500 |a It includes index 
942 |a lcc  |c BK  |e Adeyemo O.O.  |f 28/03/2024 
952 |0 0  |1 0  |2 lcc  |4 0  |6 Z069524 G17  |7 0  |9 5022  |a ED  |b HOL  |c QZ  |d 2024-03-28  |l 0  |o Z695.24.G17  |p 2024-0273  |r 2024-03-28 00:00:00  |t 700249  |w 2024-03-28  |y BK 
952 |0 0  |1 0  |2 lcc  |4 0  |6 Z069524 G17  |7 0  |9 5023  |a HOL  |b HOL  |c QZ  |d 2024-03-28  |l 0  |o Z695.24.G17  |p 2024-0274  |r 2024-03-28 00:00:00  |t 700250  |w 2024-03-28  |y BK 
999 |c 2493  |d 2493